000 01529nam a2200313 c 4500
003 BLK
005 20221205120938.0
008 180408b bul|||||r ||||||| ||bul||
010 _aKNG00061222000
040 _aBLK
041 _aBUL
_cBUL
080 _aКонтиненти
_b551.41
_x
_z551.41
080 _aОкеанология (океанография). Релеф на морското дъно - Общи въпроси, теория, наблюдения, прибори, приложна океанология, зони на морето и тяхното хоризонтално деление, морско равнище, вълни, при
_b551.46
_x
_z551.46
100 1 _aНиколов, Тодор Георгиев
_9247315
139 _aНиколов, Тодор Георгиев
_bН 74
245 1 0 _aКонтиненти и океани - вечното движение
_bМоногр.
_cТодор Георгиев Николов.
257 _aBGR
260 София
_bУнив. изд. Св. Климент Охридски
_c1991
300 _a223 с.
_bс ил., 8 л. цв. ил.
_c24 см
380 _a5
500 _aБиблиогр. с. 211-213 ; Речник на термините
650 4 _aКонтиненти - геология
_9287443
650 4 _aОкеани - геология
_9287444
852 _aЦб 167530
856 4 _qpdf
_u
856 4 _qpdf
_u
942 _cKNG
_n0
944 _aCR
_c13.06.2004
_kЧиталня
944 _aED
_c26.09.2017
_kСевдалина_Василева
999 _c57228
_d57228